000 00702nam a2200217 i 4500
001 26729
003 ES-MaACL
005 20251004063052.0
007 t|
008 030110s1898 fr ||||1| fre d
100 1 _aArréat, Lucien,
_d1841-1922
_923233
245 1 4 _aLes croyances de demain /
_cLucien Arreat.
260 _aParis :
_bF. Alcan,
_c1898 (
_fEvreuse Ch. Herissey)
300 _a178 p. ;
_c19 cm.
490 1 _aBibliothèque de philosophie contemporaine
650 0 7 _aReligión y filosofía
_2embne
_916811
650 4 _aReligión-
_xFilosofía
_916799
830 0 _aBibliothèque de philosophie contemporaine
_9181027
852 _aES-MaACL
_jF-12170
999 _c26729
_d26729